[Event "Leuven op 18th"]
[Site "Leuven"]
[Date "2006.11.11"]
[Round "?"]
[White "Theunissen, Kris"]
[Black "Provinciaal, Ernest"]
[Result "1-0"]
[WhiteElo "2170"]
[BlackElo "1952"]
[PlyCount "63"]
[EventDate "2006.11.09"]
[EventType "swiss"]
[EventRounds "7"]
[EventCountry "BEL"]
[SourceTitle "CBM 115 Extra"]
[Source "ChessBase"]
[SourceDate "2007.01.10"]
[SourceVersion "1"]
[SourceVersionDate "2007.01.10"]
[SourceQuality "1"]

1. e4 e6 2. d4 d5 3. Nc3 Bb4 4. e5 c5 5. Bd2 cxd4 6. Nb5 Bc5 7. Qg4 Ne7 8. Qxg7 Rg8 9. Qxh7 a6 10. b4 axb5 11. bxc5 Qc7 12. Nf3 Qxc5 13. Bd3 Rxg2 14. Ng5 Rxg5 15. Bxg5 Nbc6 16. 0-0 Nb4 17. Bxe7 Qxe7 18. Qg8+ Kd7 19. Bxb5+ Kc7 20. a4 b6 21. Qg3 Bb7 22. c3 dxc3 23. Qxc3+ Kb8 24. Rfb1 d4 25. Qxb4 Qg5+ 26. Kf1 Qg2+ 27. Ke1 Qe4+ 28. Be2 Qxe5 29. Qxb6 Qe4 30. Qxb7+ Qxb7 31. Rxb7+ Kxb7 32. Bf3+ 1-0